Power Grid Complexity

“Power Grid Complexity” introduces the complex system theory known as self-organized criticality (SOC) theory and complex network theory, and their applications to power systems. It studies the network characteristics of power systems, such as their small-world properties, structural vulnerability,...

Full description

Bibliographic Details
Main Authors: Mei, Shengwei (Author), Zhang, Xuemin (Author), Cao, Ming (Author)
Corporate Author: SpringerLink (Online service)
Format: Electronic eBook
Language:English
Published: Berlin, Heidelberg : Springer Berlin Heidelberg : Imprint: Springer, 2011.
Subjects:
Online Access:Full Text via HEAL-Link
LEADER 03404nam a22004935i 4500
001 978-3-642-16211-4
003 DE-He213
005 20151204180309.0
007 cr nn 008mamaa
008 110913s2011 gw | s |||| 0|eng d
020 |a 9783642162114  |9 978-3-642-16211-4 
024 7 |a 10.1007/978-3-642-16211-4  |2 doi 
040 |d GrThAP 
050 4 |a TK7881.15 
072 7 |a THRD  |2 bicssc 
072 7 |a THRM  |2 bicssc 
072 7 |a TEC046000  |2 bisacsh 
082 0 4 |a 621.317  |2 23 
100 1 |a Mei, Shengwei.  |e author. 
245 1 0 |a Power Grid Complexity  |h [electronic resource] /  |c by Shengwei Mei, Xuemin Zhang, Ming Cao. 
264 1 |a Berlin, Heidelberg :  |b Springer Berlin Heidelberg :  |b Imprint: Springer,  |c 2011. 
300 |a XVI, 455 p.  |b online resource. 
336 |a text  |b txt  |2 rdacontent 
337 |a computer  |b c  |2 rdamedia 
338 |a online resource  |b cr  |2 rdacarrier 
347 |a text file  |b PDF  |2 rda 
505 0 |a Introduction -- SOC and Complex Networks -- Foundation of SOC in Power Systems -- Power Grid Growth and Evolution -- Complex Small-World Power Grids -- Decomposition and Coordination of Static Power Grids -- Vulnerability Assessment of Static Power Grids -- Simplification, Equivalence, and Synchronization Control of Dynamic Power Grids -- Blackout Model Based on DC Power Flow -- Blackout Model Based on AC Power Flow -- Blackout Model Considering Reactive Power/Voltage Characteristics -- Blackout Model Based on the OTS -- Applications to Generation Expansion Planning and Power Network Planning -- Applications In Electric Power Emergency Management Platform.          . 
520 |a “Power Grid Complexity” introduces the complex system theory known as self-organized criticality (SOC) theory and complex network theory, and their applications to power systems. It studies the network characteristics of power systems, such as their small-world properties, structural vulnerability, decomposition and coordination strategies, and simplification and equivalence methods. The book also establishes four blackout models based on SOC theory through which the SOC of power systems is studied at both the macroscopic and microscopic levels.  Additionally, applications of complex system theory in power system planning and emergency management platforms are also discussed in depth. This book can serve as a useful reference for engineers and researchers working with power systems. Shengwei Mei is a Professor at the Department of Electrical Engineering at Tsinghua University, China. Xuemin Zhang is a Lecturer at the Department of Electrical Engineering at Tsinghua University, China. Ming Cao is an Assistant Professor at the Faculty of Mathematics and Natural Sciences at the University of Groningen, the Netherlands.    . 
650 0 |a Engineering. 
650 0 |a Energy systems. 
650 0 |a Physics. 
650 0 |a Power electronics. 
650 1 4 |a Engineering. 
650 2 4 |a Power Electronics, Electrical Machines and Networks. 
650 2 4 |a Physics, general. 
650 2 4 |a Energy Systems. 
700 1 |a Zhang, Xuemin.  |e author. 
700 1 |a Cao, Ming.  |e author. 
710 2 |a SpringerLink (Online service) 
773 0 |t Springer eBooks 
776 0 8 |i Printed edition:  |z 9783642162107 
856 4 0 |u http://dx.doi.org/10.1007/978-3-642-16211-4  |z Full Text via HEAL-Link 
912 |a ZDB-2-ENG 
950 |a Engineering (Springer-11647)